00327nam a2200121Ia 4500008004100000041000800041082001400049100002200063245004500085260003200130300003000162365001300192240624s9999 xx 000 0 und d aeng a658.3 ARM aARMSTRONG MICHAEL aHOW TO MANAGE PEOPLE HANDLE PEOPLE PROBL c2011aNew DelhibKogan Page avi, : 174 : p. : cm. ; 22 cRSb33.5